[Event "Stuttgart-chB int"]
[Site "Ditzingen"]
[Date "2016.05.05"]
[Round "2"]
[White "Ruehl, Volker"]
[Black "Zaytsev, Evgeny"]
[Result "1/2-1/2"]
[WhiteElo "1830"]
[BlackElo "1723"]
[PlyCount "101"]
[EventDate "2016.05.05"]
[EventType "swiss"]
[EventRounds "7"]
[EventCountry "GER"]
[SourceTitle "EXT 2018"]
[Source "ChessBase"]
[SourceDate "2017.10.13"]
[SourceVersion "1"]
[SourceVersionDate "2017.10.13"]
[SourceQuality "1"]

1. e4 d6 2. d4 b6 3. c4 e6 4. Nc3 Nd7 5. Nf3 Be7 6. Bd3 Ngf6 7. 0-0 0-0 8. a3 Bb7 9. Re1 Rc8 10. b4 a6 11. h3 e5 12. d5 c6 13. Bd2 Ne8 14. Re2 Nc7 15. Nh2 Bg5 16. Be1 Qe7 17. Nf1 b5 18. dxc6 Bxc6 19. Nd5 Bxd5 20. cxd5 Nb6 21. Rc2 f5 22. f3 Nc4 23. Bxc4 bxc4 24. Rxc4 fxe4 25. Rxe4 Nb5 26. h4 Bh6 27. Qd3 Nc7 28. Bd2 Qf6 29. Rc1 Nb5 30. Rec4 Rxc4 31. Rxc4 Nd4 32. Bc3 Nf5 33. Be1 Bf4 34. g3 Qg6 35. Kh2 Nxg3 36. Qxg6 Nxf1+ 37. Kg1 hxg6 38. Kxf1 Kh7 39. Kg2 g5 40. hxg5 Bxg5 41. Rc6 a5 42. b5 a4 43. Bb4 Rb8 44. b6 Be3 45. Bxd6 Rxb6 46. Rxb6 Bxb6 47. Bxe5 Bc5 48. Bb2 Kg6 49. Kg3 Kf5 50. Bxg7 Bxa3 51. Kg2 1/2-1/2

[Event "Stuttgart-chB int"]
[Site "Ditzingen"]
[Date "2014.05.31"]
[Round "6"]
[White "Haefele, Torsten"]
[Black "Zaytsev, Evgeny"]
[Result "1-0"]
[WhiteElo "1855"]
[BlackElo "1736"]
[PlyCount "115"]
[EventDate "2014.05.29"]
[EventType "swiss"]
[EventRounds "7"]
[EventCountry "GER"]
[SourceTitle "EXT 2015"]
[Source "ChessBase"]
[SourceDate "2014.11.20"]
[SourceVersion "1"]
[SourceVersionDate "2014.11.20"]
[SourceQuality "1"]

1. e4 e6 2. d4 d5 3. e5 c5 4. c3 Nc6 5. Nf3 c4 6. Be2 Nge7 7. b3 b5 8. a4 Rb8 9. axb5 Na5 10. b4 Nb3 11. Rxa7 Qb6 12. Ra3 Bd7 13. Rxb3 cxb3 14. Na3 b2 15. Bxb2 Rc8 16. Qa4 Ng6 17. g3 Be7 18. Qa6 Bd8 19. Qxb6 Bxb6 20. Nd2 Ne7 21. Nb3 0-0 22. Nc5 Rfd8 23. Kd2 f6 24. exf6 gxf6 25. f4 Ra8 26. Nxd7 Rxd7 27. Re1 Rda7 28. Ra1 Ng6 29. Bf3 Rd8 30. Nc2 Rxa1 31. Bxa1 e5 32. f5 Ne7 33. g4 e4 34. Be2 h5 35. c4 dxc4 36. Bxc4+ Kh7 37. h3 hxg4 38. hxg4 Kh6 39. Ke3 Kg5 40. Be2 Rc8 41. Kd2 Nd5 42. Na3 e3+ 43. Kd1 Rh8 44. Nc2 Rh1+ 45. Ne1 Nf4 46. Bf3 Nd3 47. Bxh1 Nf2+ 48. Ke2 Nxh1 49. Kxe3 Kxg4 50. Kd3 Kxf5 51. d5 Nf2+ 52. Kc4 Ne4 53. Bd4 Nd6+ 54. Kd3 Bxd4 55. Kxd4 Nxb5+ 56. Kc5 Na7 57. b5 Ke5 58. b6 1-0

[Event "Stuttgart-chB int"]
[Site "Ditzingen"]
[Date "2014.05.29"]
[Round "3"]
[White "Zaytsev, Evgeny"]
[Black "Lehnhardt, Julian"]
[Result "1-0"]
[WhiteElo "1736"]
[BlackElo "1593"]
[PlyCount "83"]
[EventDate "2014.05.29"]
[EventType "swiss"]
[EventRounds "7"]
[EventCountry "GER"]
[SourceTitle "EXT 2015"]
[Source "ChessBase"]
[SourceDate "2014.11.20"]
[SourceVersion "1"]
[SourceVersionDate "2014.11.20"]
[SourceQuality "1"]

1. e4 c5 2. Nf3 Nc6 3. d4 cxd4 4. Nxd4 e5 5. Nb5 a6 6. Nd6+ Bxd6 7. Qxd6 Qe7 8. Qd2 Qc5 9. Nc3 f6 10. a3 Nge7 11. Bd3 0-0 12. 0-0 Nd4 13. Ne2 d5 14. b4 Nxe2+ 15. Qxe2 Qc6 16. c4 d4 17. Bd2 Be6 18. b5 Qc7 19. Bb4 a5 20. Bd2 Rac8 21. Rfc1 b6 22. Qf1 Ng6 23. g3 Qd7 24. c5 bxc5 25. Bc4 Kh8 26. Bxe6 Qxe6 27. Rc4 d3 28. Rac1 Rfd8 29. Rxc5 Rxc5 30. Rxc5 Rd4 31. Rc6 Rd6 32. Qc1 Ne7 33. Rc7 a4 34. b6 Rxb6 35. Rxe7 Qg8 36. Rc7 Rb8 37. Rd7 Qb3 38. Kg2 g5 39. Qc7 Qg8 40. Bxg5 Qxg5 41. Rxh7+ Kg8 42. Qf7# 1-0

[Event "Stuttgart-chB int"]
[Site "Ditzingen"]
[Date "2013.05.10"]
[Round "3"]
[White "Lehnhardt, Julian"]
[Black "Zaytsev, Evgeny"]
[Result "1/2-1/2"]
[WhiteElo "1425"]
[BlackElo "1733"]
[PlyCount "43"]
[EventDate "2013.05.09"]
[EventType "swiss"]
[EventRounds "7"]
[EventCountry "GER"]
[SourceTitle "EXT 2014"]
[Source "ChessBase"]
[SourceDate "2013.11.20"]
[SourceVersion "1"]
[SourceVersionDate "2013.11.20"]
[SourceQuality "1"]

1. e4 c6 2. d4 d5 3. Nc3 dxe4 4. Nxe4 Bf5 5. Ng3 Bg6 6. Nf3 Nf6 7. Bd3 Bxd3 8. Qxd3 e6 9. Bg5 Be7 10. 0-0 Nbd7 11. c4 h6 12. Bf4 Qa5 13. Rad1 Rd8 14. a3 g5 15. b4 Qa6 16. Bc7 Rc8 17. Be5 Nxe5 18. dxe5 Rd8 19. Qc3 Nd7 20. Ne4 0-0 21. Nf6+ Bxf6 22. exf6 1/2-1/2

[Event "Stuttgart-chB int"]
[Site "Ditzingen"]
[Date "2013.05.10"]
[Round "4"]
[White "Zaytsev, Evgeny"]
[Black "Matic, Marijo"]
[Result "1/2-1/2"]
[WhiteElo "1733"]
[BlackElo "1565"]
[PlyCount "45"]
[EventDate "2013.05.09"]
[EventType "swiss"]
[EventRounds "7"]
[EventCountry "GER"]
[SourceTitle "EXT 2014"]
[Source "ChessBase"]
[SourceDate "2013.11.20"]
[SourceVersion "1"]
[SourceVersionDate "2013.11.20"]
[SourceQuality "1"]

1. e4 e5 2. Nf3 d6 3. d4 exd4 4. Nxd4 Nf6 5. Nc3 Be7 6. Bc4 0-0 7. 0-0 Bd7 8. Nf5 Nc6 9. Bg5 Be6 10. Nxe7+ Nxe7 11. Be2 Nd7 12. f4 f6 13. Bh4 Nb6 14. b3 a6 15. f5 Bf7 16. g4 Nc6 17. Bg3 Ne5 18. h4 d5 19. g5 d4 20. gxf6 gxf6 21. Nb1 d3 22. cxd3 Qd4+ 23. Kh1 1/2-1/2

[Event "Stuttgart-chB int"]
[Site "Ditzingen"]
[Date "2012.05.18"]
[Round "4"]
[White "Pfeilsticker, Thorsten"]
[Black "Zaytsev, Evgeny"]
[Result "1-0"]
[WhiteElo "1591"]
[BlackElo "1768"]
[PlyCount "85"]
[EventDate "2012.05.17"]
[EventType "swiss"]
[EventRounds "7"]
[EventCountry "GER"]
[SourceTitle "EXT 2018"]
[Source "ChessBase"]
[SourceDate "2017.10.13"]
[SourceVersion "1"]
[SourceVersionDate "2017.10.13"]
[SourceQuality "1"]

1. d4 Nf6 2. Nf3 g6 3. c4 d6 4. Nc3 Bg7 5. e4 0-0 6. h3 e5 7. d5 c6 8. Be3 Nh5 9. Nd2 f5 10. g4 f4 11. Bxa7 Nf6 12. Bxb8 Rxb8 13. Be2 Qb6 14. Nb3 Ne8 15. g5 Qd8 16. h4 Bd7 17. Rg1 b5 18. cxb5 cxb5 19. Rc1 Qb6 20. Bg4 Rb7 21. Bxd7 Rxd7 22. Qd3 Nc7 23. h5 f3 24. Nb1 b4 25. hxg6 hxg6 26. N1d2 Qb5 27. Qxb5 Nxb5 28. Rg3 Rdf7 29. Rc4 Nd4 30. Nxd4 exd4 31. Rxb4 Be5 32. Rh3 Rf4 33. Rb3 Rc8 34. Rhxf3 Rg4 35. Ke2 Rxg5 36. Rb7 Rg4 37. Kd3 Rg1 38. Nc4 Rd1+ 39. Ke2 Rxc4 40. Kxd1 d3 41. Rxd3 Rxe4 42. b4 Bd4 43. Rg3 1-0

[Event "Stuttgart-chB int"]
[Site "Ditzingen"]
[Date "2012.05.17"]
[Round "2"]
[White "Gampper, Steffen"]
[Black "Zaytsev, Evgeny"]
[Result "1/2-1/2"]
[WhiteElo "1539"]
[BlackElo "1768"]
[PlyCount "99"]
[EventDate "2012.05.17"]
[EventType "swiss"]
[EventRounds "7"]
[EventCountry "GER"]
[SourceTitle "EXT 2018"]
[Source "ChessBase"]
[SourceDate "2017.10.13"]
[SourceVersion "1"]
[SourceVersionDate "2017.10.13"]
[SourceQuality "1"]

1. d4 Nf6 2. Bf4 g6 3. Nf3 Bg7 4. Nc3 0-0 5. e4 d6 6. Qd2 Bg4 7. h3 Bxf3 8. gxf3 e5 9. dxe5 dxe5 10. Qxd8 Rxd8 11. Bxe5 Nc6 12. Bxf6 Bxf6 13. Nd5 Bxb2 14. Rb1 Bg7 15. Bd3 Nd4 16. f4 c6 17. Ne3 b5 18. f5 Nf3+ 19. Ke2 Nd4+ 20. Ke1 a6 21. Rd1 Re8 22. c3 Nf3+ 23. Ke2 Ne5 24. f4 Nxd3 25. Rxd3 Rxe4 26. Kf3 Rae8 27. fxg6 hxg6 28. Ng4 Rc4 29. Rhd1 Rxc3 30. Rxc3 Bxc3 31. Rd6 Re6 32. Rd8+ Kg7 33. Ne3 f5 34. h4 Bf6 35. Ra8 Bd4 36. Nc2 Bf6 37. Rxa6 Kf7 38. a4 bxa4 39. Rxa4 c5 40. Rc4 Be7 41. Ne3 Ra6 42. Rc3 Bxh4 43. Rxc5 Be7 44. Rc3 Rd6 45. Rb3 Rd4 46. Rb5 Bd6 47. Ng2 Kf6 48. Ra5 g5 49. fxg5+ Kxg5 50. Ne3 1/2-1/2

[Event "Stuttgart-chB int"]
[Site "Gerlingen"]
[Date "2011.06.03"]
[Round "5"]
[White "Lebeda, Lukas"]
[Black "Zaytsev, Evgeny"]
[Result "1/2-1/2"]
[WhiteElo "1681"]
[BlackElo "1791"]
[PlyCount "35"]
[EventDate "2011.06.02"]
[EventType "swiss"]
[EventRounds "7"]
[EventCountry "GER"]
[SourceTitle "EXT 2018"]
[Source "ChessBase"]
[SourceDate "2017.10.13"]
[SourceVersion "1"]
[SourceVersionDate "2017.10.13"]
[SourceQuality "1"]

1. c4 g6 2. Nc3 b6 3. Nf3 Bg7 4. g3 Bb7 5. Bg2 e6 6. d4 Ne7 7. 0-0 0-0 8. e4 d6 9. b4 c5 10. bxc5 dxc5 11. Be3 Nbc6 12. Ne2 cxd4 13. Nfxd4 Nxd4 14. Bxd4 e5 15. Bb2 Qxd1 16. Rfxd1 Rfd8 17. Nc3 Nc6 18. Nd5 1/2-1/2

[Event "Stuttgart-chB int"]
[Site "Gerlingen"]
[Date "2011.06.02"]
[Round "2"]
[White "Zaytsev, Evgeny"]
[Black "Tansek, Branko"]
[Result "1/2-1/2"]
[WhiteElo "1791"]
[BlackElo "1560"]
[PlyCount "87"]
[EventDate "2011.06.02"]
[EventType "swiss"]
[EventRounds "7"]
[EventCountry "GER"]
[SourceTitle "EXT 2018"]
[Source "ChessBase"]
[SourceDate "2017.10.13"]
[SourceVersion "1"]
[SourceVersionDate "2017.10.13"]
[SourceQuality "1"]

1. e4 c5 2. Nf3 Nc6 3. Nc3 d6 4. d4 cxd4 5. Nxd4 Nf6 6. Bg5 a6 7. Qd2 h6 8. Bh4 e6 9. Nxc6 bxc6 10. e5 dxe5 11. Qxd8+ Kxd8 12. Bd3 g5 13. Bg3 Bd6 14. 0-0 Ke7 15. Rfe1 Nd7 16. a3 f5 17. h3 f4 18. Bh2 Nf6 19. Ne4 Nxe4 20. Bxe4 Bb7 21. b4 Rab8 22. f3 c5 23. c3 Rhc8 24. Kh1 Bd5 25. Bg1 cxb4 26. cxb4 Rb7 27. Kh2 Rbc7 28. Red1 Bxe4 29. fxe4 Rc4 30. Re1 Rc2 31. Kh1 Rb2 32. Rec1 Rbc2 33. Re1 R8c4 34. Rab1 R4c3 35. a4 f3 36. gxf3 Rxf3 37. Re3 Rxe3 38. Bxe3 Rc4 39. b5 axb5 40. axb5 Rb4 41. Rxb4 Bxb4 42. Kg2 Kd6 43. Kf3 Bc5 44. Bd2 1/2-1/2

[Event "Stuttgart-chB int"]
[Site "Ditzingen"]
[Date "2009.05.24"]
[Round "7"]
[White "Prinz, Philipp"]
[Black "Zaytsev, Evgeny"]
[Result "1/2-1/2"]
[WhiteElo "1532"]
[BlackElo "1810"]
[PlyCount "100"]
[EventDate "2009.05.21"]
[EventType "swiss"]
[EventRounds "7"]
[EventCountry "GER"]
[SourceTitle "EXT 2018"]
[Source "ChessBase"]
[SourceDate "2017.10.13"]
[SourceVersion "1"]
[SourceVersionDate "2017.10.13"]
[SourceQuality "1"]

1. d4 Nf6 2. c4 g6 3. Nc3 Bg7 4. e4 d6 5. Nf3 0-0 6. b4 a5 7. b5 c5 8. bxc6 Nxc6 9. Rb1 e5 10. d5 Ne7 11. Be2 Ne8 12. Be3 f5 13. Bb6 Qd7 14. c5 dxc5 15. Bxc5 Nd6 16. Bxd6 Qxd6 17. Nb5 Qd8 18. d6 Nc6 19. Nc7 Rb8 20. Qd5+ Kh8 21. Bb5 fxe4 22. Qxe4 Bf5 23. Qd5 Bxb1 24. Ne6 Qb6 25. 0-0 Bxa2 26. Qxa2 Qxb5 27. Nxf8 Rxf8 28. Ng5 Nd8 29. Rb1 Qc5 30. Qd2 Qd4 31. Qxd4 exd4 32. d7 h6 33. Ne4 Rf5 34. Nd6 Rd5 35. Nxb7 Rxd7 36. Nxa5 Ne6 37. Rd1 d3 38. Nb3 h5 39. g3 Bh6 40. f4 Rd5 41. Nc1 Nc5 42. Kf2 Kg7 43. Ke3 g5 44. Nxd3 gxf4+ 45. gxf4 Rxd3+ 46. Rxd3 Nxd3 47. Kxd3 Bxf4 48. Ke2 Bxh2 49. Kf2 Kf6 50. Kg2 Be5 1/2-1/2

[Event "Stuttgart-chB int"]
[Site "Ditzingen"]
[Date "2009.05.21"]
[Round "3"]
[White "Gibicar, Miran"]
[Black "Zaytsev, Evgeny"]
[Result "0-1"]
[WhiteElo "1438"]
[BlackElo "1810"]
[PlyCount "104"]
[EventDate "2009.05.21"]
[EventType "swiss"]
[EventRounds "7"]
[EventCountry "GER"]
[SourceTitle "EXT 2018"]
[Source "ChessBase"]
[SourceDate "2017.10.13"]
[SourceVersion "1"]
[SourceVersionDate "2017.10.13"]
[SourceQuality "1"]

1. d4 Nf6 2. Nf3 g6 3. e3 Bg7 4. c4 0-0 5. Nc3 d6 6. Be2 Nbd7 7. 0-0 c5 8. d5 Ne8 9. e4 e5 10. Ne1 a6 11. a4 b6 12. Nd3 f5 13. f4 exf4 14. Bxf4 g5 15. Bd2 f4 16. b4 Ne5 17. Nxe5 Bxe5 18. bxc5 bxc5 19. Rb1 Qf6 20. Qb3 Qg6 21. Rfe1 g4 22. Qb6 f3 23. Qc6 f2+ 24. Kf1 g3 25. Bf3 Rxf3 26. gxf3 Bh3+ 27. Ke2 fxe1Q+ 28. Rxe1 Rc8 29. Qxa6 g2 30. a5 g1Q 31. Rxg1 Qxg1 32. Qb7 Qf1+ 33. Ke3 Qxc4 34. a6 Bxc3 35. Bxc3 Qxc3+ 36. Kf4 Qg7 37. Qb6 Qc7 38. Qb1 Ra8 39. Qg1+ Qg7 40. Qb1 Rxa6 41. Qb8 Qf7+ 42. Ke3 Ra3+ 43. Kd2 Rxf3 44. Qd8 Qf4+ 45. Kd1 Rf1+ 46. Kc2 Qxe4+ 47. Kc3 Qd4+ 48. Kb3 Rf3+ 49. Kc2 Qc3+ 50. Kd1 Rd3+ 51. Ke2 Rd2+ 52. Ke1 Qc1# 0-1

[Event "Stuttgart-chB int"]
[Site "Ditzingen"]
[Date "2008.05.03"]
[Round "6"]
[White "Gheng, Hannelore"]
[Black "Zaytsev, Evgeny"]
[Result "1-0"]
[WhiteElo "1459"]
[BlackElo "1638"]
[PlyCount "93"]
[EventDate "2008.05.01"]
[EventType "swiss"]
[EventRounds "7"]
[EventCountry "GER"]
[SourceTitle "EXT 2018"]
[Source "ChessBase"]
[SourceDate "2017.10.13"]
[SourceVersion "1"]
[SourceVersionDate "2017.10.13"]
[SourceQuality "1"]

1. e4 d6 2. d4 Nf6 3. Bd3 e5 4. c3 Nc6 5. d5 Ne7 6. f4 c6 7. c4 exf4 8. Bxf4 Ng6 9. Bg3 Qb6 10. Qe2 Ne5 11. Bxe5 dxe5 12. Nf3 Bg4 13. Qf2 Bxf3 14. Qxb6 axb6 15. gxf3 Nh5 16. Nc3 Bb4 17. Kd2 Nf4 18. a3 Bc5 19. b4 Bd4 20. Ra2 0-0 21. a4 Rfd8 22. Rha1 h5 23. a5 Ng6 24. axb6 Rxa2+ 25. Rxa2 Bxb6 26. c5 cxd5 27. cxb6 dxe4 28. Nxe4 f5 29. Nc5 e4 30. fxe4 fxe4 31. Nxe4 Ne5 32. Nc5 Nc4+ 33. Kc2 Nxb6 34. Nxb7 Rf8 35. Nc5 Rc8 36. Kb3 Re8 37. Ra6 Rb8 38. Bg6 h4 39. Ra7 Rf8 40. Be4 h3 41. Rb7 Rf6 42. Nd7 Nxd7 43. Rxd7 g5 44. Rd5 Rf2 45. Rxg5+ Kh8 46. Rh5+ Kg7 47. Rxh3 1-0

[Event "Stuttgart-chB int"]
[Site "Gerlingen"]
[Date "2007.05.17"]
[Round "1"]
[White "Wendland, Tobias"]
[Black "Zaytsev, Evgeny"]
[Result "0-1"]
[WhiteElo "1328"]
[BlackElo "1686"]
[PlyCount "80"]
[EventDate "2007.05.17"]
[EventType "swiss"]
[EventRounds "7"]
[EventCountry "GER"]
[SourceTitle "EXT 2018"]
[Source "ChessBase"]
[SourceDate "2017.10.13"]
[SourceVersion "1"]
[SourceVersionDate "2017.10.13"]
[SourceQuality "1"]

1. d4 Nf6 2. c4 c5 3. d5 e6 4. Nc3 exd5 5. cxd5 d6 6. e4 g6 7. Nf3 Bg4 8. Be2 Bxf3 9. Bxf3 Bg7 10. 0-0 0-0 11. Bg4 Nbd7 12. Nb5 Ne5 13. Be2 a6 14. Nc3 b5 15. f4 Ned7 16. a3 Qc7 17. f5 c4 18. Qd2 Rae8 19. Qe3 Qc5 20. Rf3 Ng4 21. Qxc5 Nxc5 22. f6 Bh6 23. Bxh6 Nxh6 24. Rh3 Nxe4 25. Rxh6 Nxc3 26. Bxc4 Ne4 27. Bb3 Nxf6 28. Rc1 Rc8 29. Rf1 Ng4 30. Rh4 f5 31. Re1 Rfe8 32. Rd1 Re2 33. h3 Ne3 34. Ra1 Rxb2 35. Bd1 Rxg2+ 36. Kh1 Rd2 37. Bf3 Rcc2 38. Re1 Nxd5 39. Bxd5+ Rxd5 40. Re7 Rd1+ 0-1